000 00476nam a2200157 a 4500
001 000017641
005 20200929165159.0
008 100329d1971 dr 000 0 spa d
040 _aDO-SdBNP
_bspa
_cBNPHU
082 _axxx
_bB443d
100 1 _aBelliard Sarubbi, Bolívar
_931067
245 1 0 _aDesde el Ateneo dominicano :
_brecordando la IV ofrenda lírica /
_cBolívar Belliard Sarubbi.
260 _aSanto Domingo :
_b[S.N.],
_c1971.
300 _a[13 P.].
049 _aBNPD
999 _c17166
_d17166